A new complete guide to the Prado Gallery / (Record no. 109870)

MARC details
000 -LEADER
campo de control de longitud fija 00589nam a2200181 i 4500
001 - NÚMERO DE CONTROL
campo de control 109870
003 - IDENTIFICADOR DE NÚMERO DE CONTROL
campo de control ES-MaACL
005 - FECHA Y HORA DE LA ÚLTIMA TRANSACCIÓN
campo de control 20230906184929.0
007 - CAMPO FIJO DE DESCRIPCIÓN FÍSICA--INFORMACIÓN GENERAL
campo de control de longitud fija t|
008 - DATOS DE LONGITUD FIJA--INFORMACIÓN GENERAL
campo de control de longitud fija 061121s1960 sp f |||| | eng d
100 1# - ENTRADA PRINCIPAL--NOMBRE DE PERSONA
Nombre de persona Onieva, Antonio J.
9 (RLIN) 87081
245 12 - MENCIÓN DEL TÍTULO
Título A new complete guide to the Prado Gallery /
Mención de responsabilidad, etc. Antonio J. Onieva ; translated by Patricia May O'Neill.
260 ## - PUBLICACIÓN, DISTRIBUCIÓN, ETC.
Lugar de publicación, distribución, etc. Madrid :
Nombre del editor, distribuidor, etc. Mayfe,
Fecha de publicación, distribución, etc. 1960.
300 ## - DESCRIPCIÓN FÍSICA
Extensión 295 p. 25 lám. ;
Dimensiones 17 cm.
610 2# - PUNTO DE ACCESO ADICIONAL DE MATERIA--NOMBRE DE ENTIDAD CORPORATIVA
Nombre de entidad corporativa o nombre de jurisdicción como elemento de entrada Museo Nacional del Prado-
Subdivisión de forma Guías turísticas.
9 (RLIN) 166678
700 1# - ENTRADA AGREGADA--NOMBRE PERSONAL
Nombre de persona O'Neill, Patricia May.
9 (RLIN) 86356
852 ## - LOCALIZACIÓN
Ubicación ES-MaACL
Número de control de estantería E-2446
Holdings
Estatus retirado Estado de pérdida Estado de daño No para préstamo Biblioteca de origen Biblioteca actual Ubicación en estantería Fecha de adquisición Fuente de adquisición Total de préstamos Signatura topográfica completa Código de barras Visto por última vez Precio de reemplazo Tipo de ítem Koha
        Biblioteca del Ateneo de Madrid Biblioteca del Ateneo de Madrid Depósito 2 17/01/2008     E-2446 1114634 23/02/2023 23/02/2023 Libro impreso